Stemmi Squadre di calcio dal dettaglio - Europa - Quiz n°9 - Statistics

Statistiche generali
  • Questo quiz è stato fatto 34 volte
  • Il punteggio medio è 7 su 10
Statistiche sulle risposte
con Immagini Risposta % Corretto
Atalanta
100%
Pescara
100%
SPAL
87%
Lens
81%
Osasuna
77%
Austria Vienna
68%
Sparta Praga
65%
Sturm Graz
61%
Augusta
35%
Slovan Liberec
32%
Nessun quiz corrispondente trovato
Distribuzione punteggi
Percentuale di utenti per punteggio
Percentile per numero di risposta
I tuoi punteggi nel tempo
Non hai fatto questo quiz